Tesoros de la pintura en los museos de Holanda / (Record no. 67420)

MARC details
000 -LEADER
campo de control de longitud fija 00805nam a2200217 i 4500
001 - NÚMERO DE CONTROL
campo de control 67420
003 - IDENTIFICADOR DE NÚMERO DE CONTROL
campo de control ES-MaACL
005 - FECHA Y HORA DE LA ÚLTIMA TRANSACCIÓN
campo de control 20251019063045.0
007 - CAMPO FIJO DE DESCRIPCIÓN FÍSICA--INFORMACIÓN GENERAL
campo de control de longitud fija t|
008 - DATOS DE LONGITUD FIJA--INFORMACIÓN GENERAL
campo de control de longitud fija 190701s1967 sp ||||0| spa d
100 1# - ENTRADA PRINCIPAL--NOMBRE DE PERSONA
Nombre de persona Luttervelt, Remmet van,
Fechas asociadas al nombre 1916-1963
9 (RLIN) 167438
245 10 - MENCIÓN DEL TÍTULO
Título Tesoros de la pintura en los museos de Holanda /
Mención de responsabilidad, etc. R. van Luttervelt ; traducida de Mª de los Angeles Gonzalez Lobo.
260 ## - PUBLICACIÓN, DISTRIBUCIÓN, ETC.
Lugar de publicación, distribución, etc. Madrid :
Nombre del editor, distribuidor, etc. Daimon,
Fecha de publicación, distribución, etc. [1967]
300 ## - DESCRIPCIÓN FÍSICA
Extensión 320 p., 48 lám. neg. y col. ;
Dimensiones 21 cm.
490 1# - MENCIÓN DE SERIE
Mención de serie Colección "Tesoros de los Grandes Museos" ;
Designación de volumen o secuencia 10
650 #4 - PUNTO DE ACCESO ADICIONAL DE MATERIA--TÉRMINO DE MATERIA
Término de materia o nombre geográfico como elemento de entrada Museos de arte-
Subdivisión geográfica Holanda.
9 (RLIN) 166981
700 0# - ENTRADA AGREGADA--NOMBRE PERSONAL
Nombre de persona González Lobo, María Angeles.
9 (RLIN) 58760
830 00 - PUNTO DE ACCESO ADICIONAL DE SERIE-TÍTULO UNIFORME
Título uniforme Colección "Tesoros de los grandes museos"
Designación de volumen o secuencia 10
9 (RLIN) 178969
852 ## - LOCALIZACIÓN
Ubicación ES-MaACL
Número de control de estantería P-583-Bis-10
Holdings
Estatus retirado Estado de pérdida Estado de daño No para préstamo Biblioteca de origen Biblioteca actual Ubicación en estantería Fecha de adquisición Fuente de adquisición Total de préstamos Signatura topográfica completa Código de barras Visto por última vez Precio de reemplazo Tipo de ítem Koha
        Biblioteca del Ateneo de Madrid Biblioteca del Ateneo de Madrid Depósito 2 01/07/2019     P-583-Bis-10 1200953 23/02/2023 23/02/2023 Libro impreso